[Event "Lesnica Pieniny op"]
[Site "Lesnica"]
[Date "2024.03.24"]
[Round "7"]
[White "Mirek, Szymon"]
[Black "Misecka, Kamil"]
[Result "1-0"]
[WhiteElo "1707"]
[BlackElo "1885"]
[PlyCount "25"]
[EventDate "2024.03.21"]
[EventType "swiss"]
[EventRounds "7"]
[EventCountry "SVK"]
[SourceTitle "CBM 219 Extra"]
[Source "ChessBase"]
[SourceDate "2024.05.31"]
[SourceVersion "1"]
[SourceVersionDate "2024.05.31"]
[SourceQuality "1"]

1. e4 e5 2. Nf3 Nc6 3. c3 Nf6 4. d4 d6 5. d5 Ne7 6. Be2 Ng6 7. 0-0 Nxe4 8. Qa4+ c6 9. Qxe4 f5 10. Qc4 cxd5 11. Qxd5 h6 12. Bb5+ Ke7 13. Ng5 1-0